Normal view
MARC view
- شيباني، عبد القادر فهيم
Entry Personal Name
001 - CONTROL NUMBER
- control field: 58613
003 - CONTROL NUMBER IDENTIFIER
- control field: JO-AjAnu
005 - DATE AND TIME OF LATEST TRANSACTION
- control field: 20230606083606.0
008 - FIXED-LENGTH DATA ELEMENTS
- fixed length control field: 230606|| aca||aabn | a|a d
040 ## - CATALOGING SOURCE
- Original cataloging agency: JO-AjAnu
- Transcribing agency: JO-AjAnu
100 ## - HEADING--PERSONAL NAME
- Personal name: شيباني، عبد القادر فهيم
670 ## - SOURCE DATA FOUND
- Source citation: Work cat.: (JO-AjAnu)29898: شيباني، عبد القادر فهيم , author, النسق وسيميائيات العلامة اللسانية: قراءة في فكر فيردينان دو سوسير